Le Franc,ais et 1avie (Record no. 6471)

MARC details
005 - DATE AND TIME OF LATEST TRANSACTION
control field 20250630112434.0
020 ## - INTERNATIONAL STANDARD BOOK NUMBER
International Standard Book Number 2.01.007942.6.
082 ## - DEWEY DECIMAL CLASSIFICATION NUMBER
Classification number 440 MAU
100 ## - MAIN ENTRY--PERSONAL NAME
Author name MAUGER, G.
245 ## - TITLE STATEMENT
Title Le Franc,ais et 1avie
260 ## - PUBLICATION, DISTRIBUTION, ETC.
Place of publication, distribution, etc. Paris,
Name of publisher, distributor, etc. Boulevard St- Germany,
Date of publication, distribution, etc. 1971.
300 ## - PHYSICAL DESCRIPTION
Extent vi; 249p: ill, Picture, Table,
Other physical details Index,
Dimensions 22cm.
700 ## - ADDED ENTRY--PERSONAL NAME
Other authors/Editors BRUEZIERE, M.
942 ## - ADDED ENTRY ELEMENTS (KOHA)
Source of classification or shelving scheme Dewey Decimal Classification
Koha item type Books
Holdings
Date last seen Total checkouts Full call number Barcode Cost, replacement price Price effective from Koha item type Lost status Source of classification or shelving scheme Damaged status Not for loan Withdrawn status Home library Current library Shelving location Date acquired Cost, normal purchase price
06/30/2025   440 MAU DOM0003802 90000.00 06/30/2025 Books   Dewey Decimal Classification       CBE Dodoma CBE Dodoma General Collection 04/06/2011 30000.00
06/30/2025   440 MAU DOM0003803 90000.00 06/30/2025 Books   Dewey Decimal Classification       CBE Dodoma CBE Dodoma General Collection 04/06/2011 30000.00
06/30/2025   440 MAU DOM0004497 90000.00 06/30/2025 Books   Dewey Decimal Classification       CBE Dodoma CBE Dodoma General Collection 04/06/2011 30000.00